Sophie Body-Gendrot, Catherine Wihtol de Wenden, Sortir des banlieues, pour en finir avec la tyrannie des territoires, Autrement, Coll. Frontières, 2007, 130 p., 13 € (notice n° 1641953)
[ vue normale ]
| 000 -LEADER | |
|---|---|
| fixed length control field | 00785cam a2200157 4500500 |
| 005 - DATE AND TIME OF LATEST TRANSACTION | |
| control field | 20260201121929.0 |
| 041 ## - LANGUAGE CODE | |
| Language code of text/sound track or separate title | fre |
| 042 ## - AUTHENTICATION CODE | |
| Authentication code | dc |
| 100 10 - MAIN ENTRY--PERSONAL NAME | |
| Personal name | Heriard Dubreuil, Bertrand |
| Relator term | author |
| 245 00 - TITLE STATEMENT | |
| Title | Sophie Body-Gendrot, Catherine Wihtol de Wenden, Sortir des banlieues, pour en finir avec la tyrannie des territoires, Autrement, Coll. Frontières, 2007, 130 p., 13 € |
| 260 ## - PUBLICATION, DISTRIBUTION, ETC. | |
| Date of publication, distribution, etc. | 2008.<br/> |
| 500 ## - GENERAL NOTE | |
| General note | 31 |
| 520 ## - SUMMARY, ETC. | |
| Summary, etc. | Resumé Le projet français veut redonner un élan à des initiatives communes. Mais il est perçu comme concurrent avec le processus engagé par toute l’Europe à Barcelone. |
| 786 0# - DATA SOURCE ENTRY | |
| Note | Revue Projet | 302 | 1 | 2008-01-01 | p. 092g-094g | 0033-0884 |
| 856 41 - ELECTRONIC LOCATION AND ACCESS | |
| Uniform Resource Identifier | <a href="https://shs.cairn.info/revue-projet-2008-1-page-092g?lang=fr&redirect-ssocas=7080">https://shs.cairn.info/revue-projet-2008-1-page-092g?lang=fr&redirect-ssocas=7080</a> |
Pas d'exemplaire disponible.




Réseaux sociaux